|
|
|
|
| LEADER |
00873pam a22002538a 4500 |
| 001 |
00018502 |
| 005 |
20171026081022.0 |
| 008 |
110426s1998 ||||||Viesd |
| 020 |
|
|
|c 33500
|
| 041 |
0 |
# |
|a Vie
|
| 082 |
1 |
4 |
|a 570.76
|b T527CH
|
| 100 |
0 |
# |
|a Lê Đình Trung
|
| 245 |
0 |
0 |
|a Tuyển chọn những bài ôn luyện thi vào đại học, cao đẳng môn sinh học
|c Lê Đình Trung, Bùi Đình Hội
|
| 260 |
# |
# |
|a H.
|b Giáo dục
|c 1998
|
| 300 |
# |
# |
|a 655 tr.
|c 21 cm.
|
| 653 |
# |
# |
|a Sinh học
|
| 653 |
# |
# |
|a Đề thi
|
| 653 |
# |
# |
|a Tuyển sinh đại học cao đẳng
|
| 700 |
0 |
# |
|a Bùi Đình Hội
|
| 852 |
# |
# |
|b Kho mượn
|j KM.0003041
|
| 852 |
# |
# |
|j KD.0003948
|j KM.0003041
|
| 852 |
# |
# |
|b Kho đọc
|j KD.0003948
|
| 910 |
|
|
|d 26/04/2011
|
| 980 |
# |
# |
|a Trung tâm Học liệu Lê Vũ Hùng, Trường Đại học Đồng Tháp
|